<?xml version="1.0" encoding="UTF-8"?>
<record
    xmlns:xsi="http://www.w3.org/2001/XMLSchema-instance"
    xsi:schemaLocation="http://www.loc.gov/MARC21/slim http://www.loc.gov/standards/marcxml/schema/MARC21slim.xsd"
    xmlns="http://www.loc.gov/MARC21/slim">

  <leader>01203nam a2200217 i 4500</leader>
  <controlfield tag="001">170820</controlfield>
  <controlfield tag="003">ES-MaACL</controlfield>
  <controlfield tag="005">20250808062746.0</controlfield>
  <controlfield tag="008">090408s1955    sp           |||| | spa d</controlfield>
  <datafield tag="100" ind1="0" ind2=" ">
    <subfield code="a">Bernardo, </subfield>
    <subfield code="c">Santo,</subfield>
    <subfield code="d">1090?-1153</subfield>
    <subfield code="9">28290</subfield>
  </datafield>
  <datafield tag="245" ind1="1" ind2="0">
    <subfield code="a">Obras completas de San Bernardo. </subfield>
    <subfield code="n">II (&#xFA;ltimo) / </subfield>
    <subfield code="c">edici&#xF3;n espa&#xF1;ola preparada por Gregorio D&#xED;ez Ramos.</subfield>
  </datafield>
  <datafield tag="260" ind1=" " ind2=" ">
    <subfield code="a">Madrid : </subfield>
    <subfield code="b">La Editorial Cat&#xF3;lica, </subfield>
    <subfield code="c">1955.</subfield>
  </datafield>
  <datafield tag="300" ind1=" " ind2=" ">
    <subfield code="a">XIV, 1260 p. ; </subfield>
    <subfield code="c">20 cm.</subfield>
  </datafield>
  <datafield tag="490" ind1="1" ind2=" ">
    <subfield code="a">Biblioteca de autores cristianos ; </subfield>
    <subfield code="v">130</subfield>
  </datafield>
  <datafield tag="505" ind1="8" ind2=" ">
    <subfield code="a">Contiene: Sermones sobre el Cantar de los Cantares ; Sobre la consideraci&#xF3;n ; De las costumbres y oficios de los obispos ; Sobre la conversi&#xF3;n ; Del amor de Dios ; Del precepto y de la dispensa ; Apolog&#xED;a ; De la excelencia de la Nueva Milicia ; De los grados de la humildad y de la soberbia ; De la gracia y del libre albedr&#xED;o ; Sobre algunas cuestiones propuestas por Hugo de San V&#xED;ctor ; Contra los errores de Pedro Abelardo ; Vida de San Malaqu&#xED;as ; Cartas</subfield>
  </datafield>
  <datafield tag="650" ind1="0" ind2="7">
    <subfield code="a">Religi&#xF3;n</subfield>
    <subfield code="2">embne</subfield>
    <subfield code="9">16797</subfield>
  </datafield>
  <datafield tag="700" ind1="1" ind2=" ">
    <subfield code="a">D&#xED;ez Ramos, Gregorio.</subfield>
    <subfield code="9">44762</subfield>
  </datafield>
  <datafield tag="830" ind1="0" ind2="0">
    <subfield code="a">Biblioteca de autores cristianos</subfield>
    <subfield code="v">130</subfield>
    <subfield code="9">178679</subfield>
  </datafield>
  <datafield tag="852" ind1=" " ind2=" ">
    <subfield code="a">ES-MaACL</subfield>
    <subfield code="j">J-128</subfield>
  </datafield>
  <datafield tag="999" ind1=" " ind2=" ">
    <subfield code="c">170820</subfield>
    <subfield code="d">170820</subfield>
  </datafield>
  <datafield tag="952" ind1=" " ind2=" ">
    <subfield code="0">0</subfield>
    <subfield code="1">0</subfield>
    <subfield code="4">0</subfield>
    <subfield code="7">0</subfield>
    <subfield code="a">ATENEOM</subfield>
    <subfield code="b">ATENEOM</subfield>
    <subfield code="c">DEPO2</subfield>
    <subfield code="d">2009-04-08</subfield>
    <subfield code="e">COM</subfield>
    <subfield code="l">0</subfield>
    <subfield code="o">J-128</subfield>
    <subfield code="p">1179275</subfield>
    <subfield code="r">2023-02-23 00:00:00</subfield>
    <subfield code="w">2023-02-23</subfield>
    <subfield code="y">MONOGRAFIA</subfield>
  </datafield>
</record>
